000 00574nam a2200205Ia 4500
005 20250508154912.0
008 008 250505s9999 xx 000 0 eng d
037 _aTextual
040 _aFEDL
_beng
_cFEDL
041 _aeng
_2eng
084 _a150.1943, LOR
_qFEDL
100 _aLorenz Konrad
245 0 _aEvolution and modification of behavior
260 _aChicago, USA
_bThe University of Chicago Press
_c1965
300 _a121p.
365 _aINR
_b26.25
650 _aPsychology
942 _cTEXL
_h150.1943, LOR
999 _c1352719
_d1352719